000 00346nam a2200109Ia 4500
008 171211s9999 xx 000 0 und d
245 _aActivity and Participation in Late Antique and Early Christian Thought
245 _cTorstein Theodor Tollefsen
260 _c2012
650 _xRELIGION
856 _uhttp://down.ebook777.com/062/0199605963.pdf
999 _c350601
_d350601